Sanierung historischer Stadtkerne im Ausland : Frankreich, Grossbritannien, Holland, Italien, Polen, Kurzberichte, CSSR, Osterreich, Schweiz, Ungarn : Forschungsauftrag BMBau St II 4-704102-122 (1974) /

Saved in:
Bibliographic Details
Corporate Author: Germany (Federal Republic, 1949- ). Deutsche UNESCO-Kommission. Arbeitskreis Historische Stadtkerne
Format: Book
Language:German
Published: Bonn-Bad Godesberg : Bundesminister fur Raumordnung, Bauwesen und Stadtebau, 1975.
Series:Schriftenreihe "Stadtentwicklung" des Bundesministers fur Raumordnung, Bauwesen und Stadtebau ; 02.002
Subjects:
LEADER 01664nam a2200289 i 4500
001 c000143932
003 CARM
005 00000000000000.0
008 760722s1975 gw a b f00010 ger
015 |a GFR75-B12 
019 1 |a 753313  |5 LACONCORD2021 
035 |a (OCoLC)2387866  |5 LACONCORD2021 
050 0 0 |a HT170  |b .G475 1975 
110 1 0 |a Germany (Federal Republic, 1949- ).  |b Deutsche UNESCO-Kommission.  |b Arbeitskreis Historische Stadtkerne. 
240 1 0 |a Renewal of historic town centres in nine European countries.  |l German 
245 1 0 |a Sanierung historischer Stadtkerne im Ausland :  |b Frankreich, Grossbritannien, Holland, Italien, Polen, Kurzberichte, CSSR, Osterreich, Schweiz, Ungarn : Forschungsauftrag BMBau St II 4-704102-122 (1974) /  |c im Auftrag des Bundesministers fur Raumordnung, Bauwesen und Stadtebau, Bonn-Bad Godesberg, vorgelegt vom Arbeitskreis "Historische Stadtkerne" der Deutschen UNESCO-Kommission. 
260 |a Bonn-Bad Godesberg :  |b Bundesminister fur Raumordnung, Bauwesen und Stadtebau,  |c 1975. 
300 |a 328 p. :  |b ill. ;  |c 30 cm. 
440 0 |a Schriftenreihe "Stadtentwicklung" des Bundesministers fur Raumordnung, Bauwesen und Stadtebau ;  |v 02.002 
500 |a Issued also under title: The renewal of historic town centres in nine European countries. 
504 |a Includes bibliographies. 
650 0 |a Urban renewal. 
650 0 |a Urban cores. 
650 0 |a Cities and towns, Medieval. 
852 8 |b CARM  |h A3:AB11D2  |i D00697  |p 0042964  |f BK 
999 f f |i ecb9b0a4-381c-5a30-a5b0-66e9b6433cec  |s 650a6627-4531-52d7-b8b2-7beb129f6c45 
952 f f |p Can circulate  |a CAVAL  |b CAVAL  |c CAVAL  |d CARM 1 Store  |e D00697  |f A3:AB11D2  |h Other scheme  |i book  |m 0042964